01201 a2200181 45000010006000000050017000060080041000230030015000640400040000790800036001192450048001550200018002032640029002213000019002505050700002691000022009697000028009913067820260407155616.0260407a1980 arg spa dAR-UNSa-BCEJYS aAR-UNSa-BCEJYSbspacAR-UNSa-BCEJYS a657.41xContabilidad Financiera10aIntroducción a la contabilidad financiera a968-18-1174-7 1aMéxico :bLimusac1980 a467 p.c23 cm. aCap. I: Identificación, evaluación y comunicación de la información financiera - Cap. II: Los estados financieros: generalidades - Cap. III: Evaluación y registro de la información financiera - Cap. IV: Procesos de ajuste y cierre - Cap. V: El efectivo - Cap. VI: Cuentas por cobrar - Cap. VII: El inventario - Cap. VIII: Inversiones - Cap. IX: Activo fijo, activo intangible y recursos naturales - Cap. X: El pasivo - Cap. XI: Capital social -Cap. XII: Estado de cambios en la situaciuón financiera - Cap. XIII: Análisis de estados financieros - Cap. XIV: Origen de los principios de contabilidad. Problemas contemporáneos - Cap. XV: Contabilidad administrativa: generalidades1 aMc Cullers, Levis1 aVan Daniker, Relmond P.